| 000 | 00973cam a22002777a 4500 | ||
|---|---|---|---|
| 003 | CHAP | ||
| 005 | 20220329134731.0 | ||
| 008 | 971013s1969 r 00010 d | ||
| 010 | _a25001 | ||
| 011 | _a25973 | ||
| 035 | _a30073 | ||
| 040 | _cCHAP | ||
| 082 |
_a630.72058 _bI5 |
||
| 110 |
_aInstituto Interamericano de Ciencias Agrícolas de la OEA. _959209 |
||
| 245 | 0 |
_aInvestigadores agrícolas de la zona andina _b: Bolivia, Colombia, Ecuador, Perú, Venezuela |
|
| 260 |
_aLima : _bInstituto Interamericano de Ciencias Agrícolas de la OEA, _c1969 |
||
| 300 | _a283 p | ||
| 590 |
_aBATCH-UPD _b10 _c20130110 _lUCH01 _h0224 |
||
| 590 |
_aBATCH-UPD _b10 _c20130409 _lUCH01 _h2245 |
||
| 590 |
_aBATCH-UPD _b10 _c20130913 _lUCH01 _h2058 |
||
| 590 |
_aCONVERSION _b10 _c20130109 _lUCH01 _h1314 |
||
| 650 | 1 | 4 |
_aAgricultura _xInvestigación _xDirectorios. _91612 |
| 901 | _aBK | ||
| 942 | _cLIBRO | ||
| 949 |
_a630.72058 I5 _bBC _cLIBRO _d33724000044889 _eLIBRO _h13496 _i30073 _mD _si |
||
| 999 |
_c25001 _d25001 |
||